Biztosítás bevezetése a piac világába

Bibliográfiai részletek
Szerző: Csonka Gergely
További közreműködők: Kasza Lajos
Dokumentumtípus: Projektmunka
Kulcsszavak:bankbiztosítás
bevezetés
biztosítottak
business to business
versenytársak elemzése
Online Access:http://dolgozattar.uni-bge.hu/60210

MARC

LEADER 00000nnm a2200000 i 4500
001 dolg60210
005 20260409150135.0
008 260409suuuu hu o 000 hun d
040 |a BGE Dolgozattár Repozitórium  |b hun 
041 |a hu 
100 1 |a Csonka Gergely 
245 1 0 |a Biztosítás bevezetése a piac világába  |c Csonka Gergely  |h [elektronikus dokumentum] 
516 |a Project_work 
520 3 |a A projektmunkában egy hitelhez kapcsolódó biztosítási termék bevezetésének folyamatát mutatja be egy multinacionális biztosító példáján. A kutatás kitér a versenytárselemzésre, az ügyféligények azonosítására, az árazásra, a rendszerintegrációra és a szabályozási környezetre. Bemutatásra kerül a B2B2C értékesítési modell, a Gate Committee szerepe, valamint a technológiai kihívások és digitális eszközök jelentősége. A dolgozat célja, hogy feltárja a sikeres piaci bevezetés kulcstényezőit a biztosítási szektorban. 
695 |a bankbiztosítás 
695 |a bevezetés 
695 |a biztosítottak 
695 |a business to business 
695 |a versenytársak elemzése 
700 1 |a Kasza Lajos  |e ths 
856 4 0 |u http://dolgozattar.uni-bge.hu/60210/1/Projektmunka.pdf  |z Dokumentum-elérés 
856 4 0 |u http://dolgozattar.uni-bge.hu/60210/2/Csonka%20Gergely%20FOSZK%20b%C3%ADr%C3%A1lati%20lap.pdf  |z Dokumentum-elérés